| 000 | 01012cam a22002777a 4500 | ||
|---|---|---|---|
| 999 |
_c14370 _d14370 |
||
| 003 | EG-ScBUE | ||
| 005 | 20200114132303.0 | ||
| 008 | 100704s1980 ua f b 000 0 ara d | ||
| 020 | _a9772019388 | ||
| 040 |
_aEG-ScBUE _bara _erda _cEG-ScBUE _dEG-ScBUE |
||
| 082 | 0 | 4 |
_a892.745 _bم ب ا _222 |
| 100 | 1 |
_915850 _aمبارك، زكي، _d1891-1952، _eمؤلف. |
|
| 245 | 1 | 2 |
_aالحديث ذو شجون / _cالدكتور زكي مبارك. |
| 264 | 1 |
_a[القاهرة] : _bالهيئة المصرية العامة للكتاب، _c1980. |
|
| 300 |
_a547 صفحة ؛ _c24 سم |
||
| 336 |
_2rdacontent _aنص _btxt |
||
| 337 |
_2rdamedia _aبدون وسيط _bn |
||
| 338 |
_2rdacarrier _aمجلد _bnc |
||
| 504 | _aيشتمل على إرجاعات ببليوجرافية. | ||
| 541 |
_cشراء ؛ _aألف باء ؛ |
||
| 590 | _aBilal | ||
| 650 | 7 |
_aالمقالات العربية _vمجموعات. _2BUEsh _915853 |
|
| 653 |
_bHHUUEENN _cJuly2019 |
||
| 655 | _vReading book | ||
| 942 |
_2ddc _cBB |
||